000 00692nam a22001937a 4500
999 _c176314
_d176314
005 20201230151610.0
010 _aUR-10966
020 _c200.00
_a9788194369912
035 _aU-9521
037 _bDBAD/PUB
082 _a841
100 _aمیر علا ؤ الد ین د ل ہا شمی
245 _aد يو ان د ل
_cمیر علا ؤ الد ین د ل ہا شمی
246 _bDiwan-e-Dil(Urdu)
_aby Mir Alauddin Dil Hashmi
260 _aN.Delhi
_bEducational Publishing House
_c2019 ء
270 _aH.O.D1/16,Ansari Road,Darya ganj,
_bN.Delhi
_e110002
_k45678285,23216162
_l0091-11-23211540
300 _a176 ص
_c22 Cm(Hb)
942 _2ddc
_cUR
_h841
_mم ی ر